000 01207cam a2200205 4500
001 WB4001-17
008 031222n2003 000 0 eng u
035 _a(Sirsi) u124682
245 _aHousing health and safety system consultation
260 _c2003
490 _aODPM News Release
_v(2003/0281) 22 December 2003 (2)
520 _aThe ODPM is consulting on the ways councils will use the new evidence based Housing Health and Safety Rating System (HHSRS) to tackle housing in poor conditions. HHSRS will replace the current Fitness Standard, which fails to cover all domestic health and safety problems and gives no indication of the seriousness of the problems. The guidance for councils will enforce the new regimes under the Housing Bill Part I. Deadline for replies is 26 March 2004. The consultation is available at http://www.odpm.gov.uk/stellent/groups/odpm_control/documents/contentservertemplate/odpm_index.hcst?n=920&l=1. http://www.odpm.gov.uk/pns/DisplayPN.cgi?pn_id=2003_0281
590 _aWB
650 _aHOUSING BILL
650 _aSOCIAL HOUSING
650 _aHOUSING HEALTH AND SAFETY SYSTEM
650 _aFITNESS STANDARDS
690 _aHealth and safety
_96244
942 _n0
999 _c73996
_d73996